| 000 | 00535nam a22002057a 4500 | ||
|---|---|---|---|
| 003 | OSt | ||
| 005 | 20220107122805.0 | ||
| 008 | 150923b xxu||||| |||| 00| 0 eng d | ||
| 020 | _a9788122420449 | ||
| 040 | _cIIITMK | ||
| 082 | _a381.142 GOE/E | ||
| 100 |
_aGoel, Ritendra _97853 |
||
| 245 |
_ae-commerce _cby Ritendra Goel |
||
| 260 |
_a New Delhi, _bNew Age International, _c2012. |
||
| 300 | _axiv, 190p. | ||
| 650 |
_aECONOMICS _97854 |
||
| 650 |
_aE-COMMERCE _97855 |
||
| 650 |
_aELECTRONIC COMMERCE _97856 |
||
| 942 |
_2ddc _cBK |
||
| 999 |
_c4842 _d4842 |
||